[Event "Kirov Chudinovskikh Memorial 5th"]
[Site "Kirov"]
[Date "2018.08.10"]
[Round "10"]
[White "Trifonov, Pavel"]
[Black "Lobov, Aleksandr Dm"]
[Result "1-0"]
[WhiteElo "2289"]
[BlackElo "1702"]
[PlyCount "50"]
[EventDate "2018.07.29"]
[EventType "swiss"]
[EventRounds "10"]
[EventCountry "RUS"]
[SourceTitle "CBM 186 Extra"]
[Source "ChessBase"]
[SourceDate "2018.08.24"]
[SourceVersion "1"]
[SourceVersionDate "2018.08.24"]
[SourceQuality "1"]

1. d4 Nf6 2. c4 c5 3. d5 b5 4. cxb5 a6 5. bxa6 Bxa6 6. Nc3 d6 7. e4 Bxf1 8. Kxf1 g6 9. Nf3 Bg7 10. h3 0-0 11. g4 Nbd7 12. Kg2 Qa5 13. Re1 Rfb8 14. Re2 Ne8 15. Bg5 Kf8 16. Qc1 Rxb2 17. Rxb2 Qxc3 18. Bh6 Qxc1 19. Bxg7+ Kxg7 20. Rxc1 Nef6 21. Nd2 Ne5 22. Rc3 Ra4 23. f4 Ned7 24. Kf3 h5 25. g5 Nh7 1-0

[Event "Kirov Chudinovskikh Memoriail-A 4th"]
[Site "Kirov"]
[Date "2017.08.03"]
[Round "3"]
[White "Trifonov, Pavel"]
[Black "Ljashenko, Konstantin"]
[Result "1-0"]
[WhiteElo "2304"]
[BlackElo "2114"]
[PlyCount "125"]
[EventDate "2017.07.28"]
[EventType "swiss"]
[EventRounds "9"]
[EventCountry "RUS"]
[SourceTitle "EXT 2018"]
[Source "ChessBase"]
[SourceDate "2017.10.13"]
[SourceVersion "1"]
[SourceVersionDate "2017.10.13"]
[SourceQuality "1"]

1. e4 e5 2. Nf3 Nc6 3. d4 exd4 4. Nxd4 Bc5 5. Nb3 Be7 6. Nc3 Nf6 7. Be2 0-0 8. Be3 Bb4 9. Bc5 Bxc3+ 10. bxc3 d6 11. Be3 Nxe4 12. Bd3 Nf6 13. h3 h6 14. Qd2 Ne5 15. 0-0-0 Nxd3+ 16. Qxd3 Qd7 17. g4 Qa4 18. Kb2 Qe4 19. Qd2 Nh7 20. Rhe1 Qg6 21. Nd4 Kh8 22. Ne2 f6 23. Nf4 Qf7 24. Bd4 Bd7 25. Re7 Qc4 26. Ng6+ Kg8 27. Nxf8 Rxf8 28. Qd3 Qxd3 29. cxd3 Rd8 30. f4 c5 31. Bf2 Nf8 32. f5 Bc6 33. Rde1 Nd7 34. Re8+ Rxe8 35. Rxe8+ Kf7 36. Re6 d5 37. Bg3 c4 38. d4 Nb6 39. Ka3 Nc8 40. Kb4 Bd7 41. Re1 b6 42. a4 Ne7 43. Ka3 Nc6 44. Rf1 Bc8 45. Rb1 Bd7 46. Bc7 Be8 47. Bd6 Bd7 48. Re1 Bc8 49. Kb2 Bd7 50. Kc2 Bc8 51. Kd2 Bd7 52. Ke3 Na5 53. Kf4 Nc6 54. h4 g6 55. fxg6+ Kxg6 56. Rg1 Nd8 57. Ra1 Nc6 58. Re1 Kf7 59. Re2 Be6 60. Re1 Nd8 61. a5 b5 62. a6 Ke8 63. Bc7 1-0

[Event "Kirov Chudinovskikh Memoriail-A 4th"]
[Site "Kirov"]
[Date "2017.08.01"]
[Round "1"]
[White "Trifonov, Pavel"]
[Black "Golovnin, Maxim"]
[Result "1-0"]
[WhiteElo "2304"]
[BlackElo "1982"]
[PlyCount "35"]
[EventDate "2017.07.28"]
[EventType "swiss"]
[EventRounds "9"]
[EventCountry "RUS"]
[SourceTitle "EXT 2018"]
[Source "ChessBase"]
[SourceDate "2017.10.13"]
[SourceVersion "1"]
[SourceVersionDate "2017.10.13"]
[SourceQuality "1"]

1. e4 c5 2. Nf3 d6 3. d4 cxd4 4. Nxd4 Nf6 5. Nc3 a6 6. Bc4 e5 7. Nf5 g6 8. Ne3 Be6 9. a4 Nbd7 10. 0-0 Bxc4 11. Nxc4 Nb6 12. Nxb6 Qxb6 13. Bg5 Be7 14. Qf3 Ng8 15. Bxe7 Nxe7 16. Qf6 Rf8 17. Qxe7+ Kxe7 18. Nd5+ 1-0

[Event "Cheliabinsk Kurnosov Memorial rapid"]
[Site "Cheliabinsk"]
[Date "2016.05.27"]
[Round "5"]
[White "Grischuk, Alexander"]
[Black "Trifonov, Pavel"]
[Result "1-0"]
[WhiteElo "2752"]
[BlackElo "2271"]
[PlyCount "71"]
[EventDate "2016.05.26"]
[EventType "swiss (rapid)"]
[EventRounds "11"]
[EventCountry "RUS"]
[SourceTitle "CBM 172 Extra"]
[Source "ChessBase"]
[SourceDate "2016.06.21"]
[SourceVersion "1"]
[SourceVersionDate "2016.06.21"]
[SourceQuality "1"]

1. e4 e6 2. d4 d5 3. e5 c5 4. c3 Qb6 5. Nf3 Bd7 6. Bd3 Bb5 7. dxc5 Bxc5 8. b4 Bxd3 9. Qxd3 Be7 10. 0-0 Nd7 11. Na3 a6 12. c4 Bxb4 13. cxd5 exd5 14. Rb1 Qa5 15. Nc2 Bc3 16. Rxb7 Nc5 17. Qxd5 Nxb7 18. Qc6+ Kf8 19. Ba3+ Ne7 20. Bxe7+ Kg8 21. Qxb7 Re8 22. Bb4 Bxb4 23. Nxb4 Qb5 24. Qxb5 axb5 25. Rc1 g5 26. h3 Kg7 27. Rc5 Rc8 28. Rxb5 Rb8 29. a4 h6 30. Nc6 Ra8 31. a5 Rhc8 32. Nfd4 Rc7 33. Rb6 Rd7 34. a6 Rd5 35. a7 Rd7 36. Nb5 1-0

[Event "Kirov Region-ch FL"]
[Site "Kirov"]
[Date "2015.10.11"]
[Round "3"]
[White "Bulavin, Alexander"]
[Black "Trifonov, Pavel"]
[Result "1/2-1/2"]
[WhiteElo "2247"]
[BlackElo "2264"]
[PlyCount "57"]
[EventDate "2015.10.09"]
[EventType "swiss"]
[EventRounds "9"]
[EventCountry "RUS"]
[SourceTitle "EXT 2018"]
[Source "ChessBase"]
[SourceDate "2017.10.13"]
[SourceVersion "1"]
[SourceVersionDate "2017.10.13"]
[SourceQuality "1"]

1. e4 c5 2. Nf3 e6 3. b3 Nc6 4. Bb2 a6 5. g3 d5 6. exd5 exd5 7. Qe2+ Qe7 8. Qxe7+ Ngxe7 9. a3 Bf5 10. d3 Rd8 11. Nbd2 f6 12. h4 Kf7 13. h5 Ng8 14. Bh3 Bxh3 15. Rxh3 Nh6 16. Kf1 Bd6 17. Kg2 Rhe8 18. Rhh1 Bc7 19. Rhe1 Ba5 20. Rxe8 Rxe8 21. Kf1 Ng4 22. Re1 Rc8 23. Re2 Bb6 24. Kg2 Ba5 25. Kf1 Bb6 26. Kg2 Ba5 27. Kf1 Bb6 28. Kg2 Ba5 29. Kf1 1/2-1/2

[Event "Kirov Chudinovskikh Memorial 2nd"]
[Site "Kirov"]
[Date "2015.07.17"]
[Round "10"]
[White "Ljashenko, Konstantin"]
[Black "Trifonov, Pavel"]
[Result "1/2-1/2"]
[WhiteElo "2102"]
[BlackElo "2254"]
[PlyCount "90"]
[EventDate "2015.07.02"]
[EventType "tourn"]
[EventRounds "10"]
[EventCountry "RUS"]
[SourceTitle "EXT 2016"]
[Source "ChessBase"]
[SourceDate "2015.10.08"]
[SourceVersion "1"]
[SourceVersionDate "2015.10.08"]
[SourceQuality "1"]

1. e4 c5 2. b3 Nf6 3. Nc3 d6 4. g3 Nc6 5. Bg2 g6 6. Bb2 Bg7 7. Nd5 e6 8. Bxf6 Bxf6 9. Nxf6+ Qxf6 10. Ne2 Bd7 11. 0-0 h5 12. h3 e5 13. Nc3 Ne7 14. a4 a6 15. f4 exf4 16. Rxf4 Qd4+ 17. Kh1 Qe5 18. Qf1 Be6 19. Re1 g5 20. Nd5 gxf4 21. gxf4 Qg7 22. Nc7+ Kd7 23. Nxa8 Rxa8 24. f5 Rg8 25. Re2 Nc6 26. fxe6+ fxe6 27. Rf2 Ke7 28. c3 h4 29. Qe2 Qg5 30. Qf3 Ne5 31. Qe2 Ng6 32. Qf1 Rf8 33. Rxf8 Nxf8 34. d4 cxd4 35. cxd4 Ng6 36. Qc4 Kd7 37. Qb4 Qc1+ 38. Kh2 Qc7 39. Qd2 d5+ 40. Kh1 Qg3 41. exd5 exd5 42. Qb4 Kc8 43. Qc5+ Kb8 44. Qxd5 Qe1+ 45. Kh2 Qg3+ 1/2-1/2

[Event "Kirov Shakhov Memorial-A 2nd"]
[Site "Kirov"]
[Date "2014.12.27"]
[Round "1"]
[White "Uraev, Ivan"]
[Black "Trifonov, Pavel"]
[Result "1-0"]
[WhiteElo "2287"]
[BlackElo "2229"]
[PlyCount "107"]
[EventDate "2014.12.27"]
[EventType "tourn"]
[EventRounds "9"]
[EventCountry "RUS"]
[SourceTitle "CBM 164 Extra"]
[Source "ChessBase"]
[SourceDate "2015.03.02"]
[SourceVersion "1"]
[SourceVersionDate "2015.03.02"]
[SourceQuality "1"]

1. e4 e5 2. Nf3 Nc6 3. Bb5 a6 4. Ba4 Nf6 5. 0-0 Be7 6. Re1 b5 7. Bb3 0-0 8. d3 d6 9. c3 Na5 10. Bc2 c5 11. Nbd2 Nc6 12. d4 cxd4 13. cxd4 Qc7 14. d5 Nb4 15. Bb1 a5 16. Nf1 Bd7 17. Bd2 Na6 18. h3 b4 19. g4 Ne8 20. Ng3 g6 21. Bh6 Ng7 22. Kh2 f6 23. Rg1 Rf7 24. Qe2 Nc5 25. Nd2 Qb7 26. Nb3 Nxb3 27. axb3 Ne8 28. Bd3 Nc7 29. Nf5 Nb5 30. Qf3 Be8 31. Qe3 Qb8 32. f4 Bd8 33. Qg3 Bb6 34. Rg2 Bd7 35. Rf1 Kh8 36. fxe5 fxe5 37. Bxb5 Bxb5 38. Nxd6 Bxf1 39. Nxf7+ Kg8 40. Rc2 Qa7 41. Nxe5 Re8 42. Nc6 Qf7 43. d6 Rxe4 44. Ne7+ Rxe7 45. dxe7 Qxe7 46. Rc8+ Bd8 47. Qf2 Ba6 48. Rb8 g5 49. Kg1 Qd6 50. Qf8+ Qxf8 51. Bxf8 Bc7 52. Re8 Bb6+ 53. Bc5+ Kf7 54. Re5 1-0

[Event "Kirov Region-ch"]
[Site "Kirov"]
[Date "2014.10.17"]
[Round "8"]
[White "Tsarukian, Elis"]
[Black "Trifonov, Pavel"]
[Result "1/2-1/2"]
[WhiteElo "2198"]
[BlackElo "2211"]
[PlyCount "81"]
[EventDate "2014.10.10"]
[EventType "swiss"]
[EventRounds "9"]
[EventCountry "RUS"]
[SourceTitle "EXT 2018"]
[Source "ChessBase"]
[SourceDate "2017.10.13"]
[SourceVersion "1"]
[SourceVersionDate "2017.10.13"]
[SourceQuality "1"]

1. d4 d5 2. Nf3 Nf6 3. c4 c6 4. Nc3 dxc4 5. e3 b5 6. a4 b4 7. Nb1 Ba6 8. Nbd2 c3 9. bxc3 bxc3 10. Nb1 Bxf1 11. Kxf1 e6 12. Nxc3 Nbd7 13. g3 Bb4 14. Qd3 0-0 15. Kg2 Qa5 16. Ne4 Nxe4 17. Qxe4 c5 18. dxc5 Nxc5 19. Qc2 Nd7 20. Bb2 Rac8 21. Qe2 Bc3 22. Bxc3 Rxc3 23. Qb5 Qc7 24. Rhd1 Nb6 25. a5 Nd5 26. Rd2 Rc5 27. Qa4 a6 28. Rd3 h6 29. h4 Rd8 30. Qa3 Rb8 31. Nd4 Rc8 32. Rd2 Rc3 33. Qa4 Qb7 34. Kh2 Qc7 35. Ne2 Rc4 36. Qa3 Rc5 37. Qa4 Rc4 38. Qa3 Rc5 39. Qa4 Rc4 40. Qa3 Rc5 41. Qa4 1/2-1/2

[Event "Kirov Region-ch"]
[Site "Kirov"]
[Date "2014.10.13"]
[Round "4"]
[White "Trifonov, Pavel"]
[Black "Uraev, Ivan"]
[Result "0-1"]
[WhiteElo "2211"]
[BlackElo "2226"]
[PlyCount "142"]
[EventDate "2014.10.10"]
[EventType "swiss"]
[EventRounds "9"]
[EventCountry "RUS"]
[SourceTitle "EXT 2018"]
[Source "ChessBase"]
[SourceDate "2017.10.13"]
[SourceVersion "1"]
[SourceVersionDate "2017.10.13"]
[SourceQuality "1"]

1. d4 Nf6 2. c4 e6 3. Nc3 Bb4 4. e3 Bxc3+ 5. bxc3 Qe7 6. f3 e5 7. e4 0-0 8. Bd3 d6 9. Ne2 Re8 10. 0-0 Nbd7 11. Ng3 Nf8 12. Bg5 h6 13. Be3 Ng6 14. Qd2 c6 15. Rae1 Qf8 16. h3 d5 17. cxd5 cxd5 18. exd5 Nxd5 19. Bxg6 fxg6 20. dxe5 Rxe5 21. Bd4 Rxe1 22. Rxe1 Nf4 23. Qe3 Bd7 24. Ne4 Nd5 25. Qf2 Bc6 26. Qg3 Kh7 27. Kh1 Re8 28. Bxa7 Nf4 29. Bc5 Qf5 30. Bd4 Bxe4 31. fxe4 Rxe4 32. Rxe4 Qxe4 33. Kh2 g5 34. Qg4 Qd5 35. h4 Ne6 36. hxg5 Nxg5 37. Qe2 Ne4 38. Kg1 h5 39. Qd3 Qf5 40. Qf3 Qd5 41. Qf4 Kg6 42. Qc7 Qf7 43. Qe5 Nf6 44. Qe2 Ng4 45. Qd3+ Kh6 46. Qd2+ g5 47. Qe2 Qf5 48. Qb2 Qe6 49. Qb6 Qxb6 50. Bxb6 Kg6 51. Kf1 Kf5 52. Ke2 Ne5 53. Bd8 Nc6 54. Bb6 Kg4 55. Bc7 Ne7 56. c4 Nc6 57. a4 h4 58. Ke3 Kf5 59. c5 g4 60. Bd6 Nb4 61. Kd4 g3 62. Ke3 Nc2+ 63. Ke2 Ke4 64. c6 Nd4+ 65. Kf1 Nxc6 66. Ke2 Nd4+ 67. Kd2 h3 68. Bxg3 hxg2 69. Bf2 Nf3+ 70. Kc3 Kd5 71. Kb4 Kc6 0-1

[Event "Kirov Vyatki Cup-A 3rd"]
[Site "Kirov"]
[Date "2014.08.09"]
[Round "2"]
[White "Tsarukian, Elis"]
[Black "Trifonov, Pavel"]
[Result "1/2-1/2"]
[WhiteElo "2180"]
[BlackElo "2212"]
[PlyCount "36"]
[EventDate "2014.08.08"]
[EventType "tourn"]
[EventRounds "7"]
[EventCountry "RUS"]
[SourceTitle "CBM 162 Extra"]
[Source "ChessBase"]
[SourceDate "2014.10.17"]
[SourceVersion "1"]
[SourceVersionDate "2014.10.17"]
[SourceQuality "1"]

1. e4 e5 2. Nf3 Nc6 3. Bb5 Nf6 4. 0-0 Nxe4 5. d4 Nd6 6. Bxc6 dxc6 7. dxe5 Nf5 8. Qxd8+ Kxd8 9. h3 Ke8 10. Nc3 Be6 11. Bf4 h5 12. Rad1 Bb4 13. a3 Bxc3 14. bxc3 Rd8 15. Bg5 Rxd1 16. Rxd1 Ne7 17. Nd4 Bc8 18. c4 a6 1/2-1/2

[Event "Izhevsk Corporation Cup 6th"]
[Site "Izhevsk"]
[Date "2014.07.18"]
[Round "6"]
[White "Ovchinnikov, Vsevolod"]
[Black "Trifonov, Pavel"]
[Result "1-0"]
[WhiteElo "2147"]
[BlackElo "2257"]
[PlyCount "54"]
[EventDate "2014.07.12"]
[EventType "swiss"]
[EventRounds "9"]
[EventCountry "RUS"]
[SourceTitle "CBM 161 Extra"]
[Source "ChessBase"]
[SourceDate "2014.08.29"]
[SourceVersion "1"]
[SourceVersionDate "2014.08.29"]
[SourceQuality "1"]

1. d4 Nf6 2. c4 e6 3. Nf3 b6 4. g3 Bb7 5. Bg2 c5 6. d5 exd5 7. Nh4 Na6 8. cxd5 g6 9. 0-0 d6 10. Nc3 Bg7 11. Bg5 h6 12. Bf4 0-0 13. Qd2 g5 14. Nf5 gxf4 15. Qxf4 Bc8 16. Nxh6+ Bxh6 17. Qxh6 Ng4 18. Qd2 Kg7 19. e4 Qf6 20. h3 Ne5 21. f4 Nc4 22. Qe2 Qd4+ 23. Rf2 Ne3 24. Nb5 Qc4 25. Qxe3 Qxb5 26. e5 Qe8 27. f5 f6 1-0

[Event "Izhevsk Corporation Cup 6th"]
[Site "Izhevsk"]
[Date "2014.07.13"]
[Round "2"]
[White "Ginosyan, Razmik"]
[Black "Trifonov, Pavel"]
[Result "0-1"]
[WhiteElo "1998"]
[BlackElo "2257"]
[PlyCount "78"]
[EventDate "2014.07.12"]
[EventType "swiss"]
[EventRounds "9"]
[EventCountry "RUS"]
[SourceTitle "CBM 161 Extra"]
[Source "ChessBase"]
[SourceDate "2014.08.29"]
[SourceVersion "1"]
[SourceVersionDate "2014.08.29"]
[SourceQuality "1"]

1. e4 d6 2. d4 Nf6 3. Nc3 g6 4. g3 Bg7 5. Bg2 0-0 6. Nge2 Nbd7 7. 0-0 a6 8. a3 Rb8 9. f4 c5 10. dxc5 Nxc5 11. Be3 b6 12. g4 Bb7 13. Ng3 h6 14. h4 e6 15. g5 hxg5 16. hxg5 Nh7 17. Qg4 Qd7 18. Rad1 Rbd8 19. Rf2 Qe7 20. Bc1 f6 21. gxf6 Qxf6 22. Be3 Qf7 23. f5 gxf5 24. exf5 Bxg2 25. Rxg2 Nf6 26. Qh4 Ncd7 27. Bh6 Ne5 28. Rf1 Nfg4 29. Bxg7 Qxg7 30. Nh5 Qh6 31. Rxg4+ Nxg4 32. Qxg4+ Kh8 33. Ng3 Rg8 34. Qf3 Rxg3+ 35. Qxg3 Rg8 36. Qxg8+ Kxg8 37. f6 Kf7 38. Kg2 Qg6+ 39. Kf2 Qxc2+ 0-1